000 00524nam a2200169 i 4500
001 40088
003 ES-MaACL
007 t|
008 030305s1922 be ||||1| fre d
100 1 _aCapart, Jean.
_934784
245 1 2 _aL'art egyptien /
_cJean Capart.
260 _aBruxelles :
_bVromant et Cie.,
_c1922.
300 _a50 p., :
_b199 pl. ;
_c24 cm.
505 8 _aContiene: T.1: L'architecture : choix de documents acompagnés d'indicateurs bibliographiques
740 2 _aL'architecture.
852 _aES-MaACL
_jG-13809
999 _c40088
_d40088